000
00329nam a2200145Ia 4500
005
20240719011434.0
008
240331s9999 xx 000 0 und d
082
_a
200.042
_b
YUS
100
_a
Yusuf, M.S.M
245
0
_a
Marriage and Women in Islam
260
_c
1994
300
_a
54 p .,
650
_a
Women in islam
942
_c
L
999
_c
807
_d
807